01016nam a2200253 a 450000100100000000500170001000800410002702000180006804000250008608200210011110000450013224500870017726000390026430000360030350000790033950000340041850000420045250400550049460000340054965000420058304900090062595201110063499900170074500002007620200929170245.0100720s2008 cu ac 000 0 spa d a9789591014887 aDO-SdBNPbspacBNPHU a927.92809bH447a1 aHechevarría, María del Carmen94264410aAlicia Alonso :bmás allá de la técnica /cMaría del Carmen Hechevarría. aLa Habana :bLetras Cubana,c2008. a182 p. :bil., retrs. ;c29 cm. aIncluye datos biográficos de la autora en la solapa de la contracubierta aIncluye índice onomástico aIncluye notas al pie de las páginas aIncluye referencias bibliográficas ( p. 171-176)14aALONSO, ALICIA,d1921-919824 4aBailarinaszCubaxBiografías942645 aBNPD 001050718MOaAYMbAYMcCTd2010-07-20iLF1l0o927.92809 H447ap20076-10r2020-06-25w2020-06-25y1Z01 c19584d19584